স্বাধীনতার ঘোষক বঙ্গবন্ধু প্রামান্য দলিল / (Record no. 104960)
[ view plain ]
| 000 -LEADER | |
|---|---|
| fixed length control field | 00822nam a22002057a 4500 |
| 003 - CONTROL NUMBER IDENTIFIER | |
| control field | BD-DhUL |
| 005 - DATE AND TIME OF LATEST TRANSACTION | |
| control field | 20160918171331.0 |
| 008 - FIXED-LENGTH DATA ELEMENTS--GENERAL INFORMATION | |
| fixed length control field | 160908s1996 bg ||||| |||| 00| 0 ben |
| 020 ## - INTERNATIONAL STANDARD BOOK NUMBER | |
| International Standard Book Number | 9789848765036 |
| 040 ## - CATALOGING SOURCE | |
| Original cataloging agency | BD-DhUL |
| Transcribing agency | BD-DhUL |
| 082 ## - DEWEY DECIMAL CLASSIFICATION NUMBER | |
| Classification number | 954.92 |
| Item number | HUS |
| 100 1# - MAIN ENTRY--PERSONAL NAME | |
| Personal name | হক, মুহাম্মদ শামসুল |
| 245 ## - TITLE STATEMENT | |
| Title | স্বাধীনতার ঘোষক বঙ্গবন্ধু প্রামান্য দলিল / |
| Statement of responsibility, etc. | মুহাম্মদ শামসুল হক |
| 260 ## - PUBLICATION, DISTRIBUTION, ETC. (IMPRINT) | |
| Place of publication, distribution, etc. | ঢাকা : |
| Name of publisher, distributor, etc. | আগামী প্রকাশন, |
| Date of publication, distribution, etc. | ১৯৯৬. |
| 300 ## - PHYSICAL DESCRIPTION | |
| Extent | ৫২ পৃ. ; |
| Dimensions | ২০ সেমি. |
| 651 #0 - SUBJECT ADDED ENTRY--GEOGRAPHIC NAME | |
| Geographic name | বাংলাদেশ |
| General subdivision | ইতিহাস |
| 651 #0 - SUBJECT ADDED ENTRY--GEOGRAPHIC NAME | |
| Geographic name | Bangladesh |
| General subdivision | History |
| 700 ## - ADDED ENTRY--PERSONAL NAME | |
| Personal name | হাশেমী, সৈয়দ |
| 942 ## - ADDED ENTRY ELEMENTS (KOHA) | |
| Source of classification or shelving scheme | |
| Koha item type | Books |
| Price effective from | Date last seen | Permanent Location | Not for loan | Date acquired | Source of classification or shelving scheme | Koha item type | Lost status | Withdrawn status | Copy number | Source of acquisition | Collection code | Damaged status | Shelving location | Barcode | Current Location | Full call number |
|---|---|---|---|---|---|---|---|---|---|---|---|---|---|---|---|---|
| 2016-09-18 | 2016-09-18 | Dhaka University Library | 2016-09-18 | Books | 1 | Purchased | Non Fiction | General Stacks | 390408(D) | Dhaka University Library | 954.92 HUS | |||||
| 2016-09-18 | 2016-09-18 | Dhaka University Library | 2016-09-18 | Books | 2 | Purchased | Non Fiction | General Stacks | 391158 | Dhaka University Library | 954.92 HUS |
